Grécia - Statistics

Estatísticas Gerais
  • Esse quiz foi jogado 48 vezes
  • A pontuação média é 4 de 15
Estatísticas das Respostas
Imagem Resposta % Correto
Omega
80%
Creta
58%
Sócrates
58%
Santorini
35%
Vénus
33%
Acrópole
30%
Península Balcã
23%
Odisseu
18%
Egeu
15%
Rodes
15%
Apolo
8%
Império Bizantino
5%
Gyro sandwich
0%
Spanikopita
0%
Thessaloniki
0%
Nenhum quiz correspondente encontrado
Distribuição das Pontuações
Porcentagem de Pessoas com Cada Pontuação
Percentil de Números Respondidos
Sua Pontuação Histórica
Você não jogou esse quiz